| 000 | 01117 a2200217 4500 | ||
|---|---|---|---|
| 001 | 36421 | ||
| 005 | 20260407155639.0 | ||
| 008 | 260407a1979 arg spa d | ||
| 003 | AR-UNSa-BCEJYS | ||
| 040 |
_aAR-UNSa-BCEJYS _bspa _cAR-UNSa-BCEJYS |
||
| 080 |
_a35 _xAdministración Pública |
||
| 245 | 1 | 0 |
_aLos alcances de la administración pública _pproblemas de implantación y control de sistemas |
| 020 | _a968-18-0124-5 | ||
| 264 | 1 |
_aMéxico : _bLimusa _c1979 |
|
| 300 |
_axii, 263 p. _c23 cm. |
||
| 505 | _a1. La administración perfecta - 2. Tipos de límites administrativos - 3. Casos de estudio número uno: contratación y suministro - 4. La clasificación y sus límites - 5. Aprendizaje y contraaprendizaje - 6. Caso de estudio número dos: Impuestos a los especuladores de terrenos - 7. Tipo de control administrativo - 8. Análisis de control en las organizaciones - 9. Los límites del control - 10. Caso de estudio número tres: Impuestos al apostador - 11. Resumen y conclusión | ||
| 041 | _aspa | ||
| 942 | _cBK | ||
| 590 | _aniveau_biblio:m niveau_hierar:0 | ||
| 100 | 1 | _aHood, Christopher C. | |
| 999 |
_c2650 _d2650 |
||